000 01001nac a22002771u 4500
003 EG-ScBUE
005 20221113035622.0
008 130522t2002 vraae f b 001 0 eng d
020 _a1864700858
020 _a9781864700855
040 _aEG-ScBUE
_beng
_erda
_cEG-ScBUE
_dEG-ScBUE
082 0 4 _a724.6
_bSHA
_222
100 1 _aSharp, Dennis,
_eauthor.
_933246
245 1 0 _aTwentieth century architecture :
_ba visual history /
_cDennis Sharp.
250 _a[Millennium edition]
264 1 _aMulgrave, Victoria :
_bImages Publishing,
_c[2002]
264 4 _cc2002
300 _a497 pages :
_billustrations (some color), plans (some color);
_c31 cm
500 _aDistributer: Bacca
500 _aPreviously published ed.: London : Lund Humphries ; New York : Facts on File, c1991.
504 _aIncludes bibliographical references and index.
650 7 _aArchitecture, Modern
_y20th century.
_2BUEsh
_933247
653 _bENGARC
655 _vReading book
_934232
942 _cBB
_2ddc
999 _c1892
_d1892